01266nac a22003251i 4500003000900000005001700009008004100026020001600067020001800083040004300101082002100144100003700165245010200202250002000304250003400324264007400358264001000432300004600442336002600488337002800514338002700542490005200569504005100621650003600672650004200708655001700750942001200767999001500779952014600794EG-ScBUE20250529081523.0100916t1989 m a f b 001 0 eng d a0201528207  a9780201528206 aEG-ScBUEbengerdacEG-ScBUEdEG-ScBUE04a530.141bCHE2221 aCheng, David K.,919390eauthor.10aField and wave electromagnetics /cDavid K. Cheng, life fellow, I.E.E.E., fellow, I.E.E., C. Eng. aSecond edition. aWorld student series edition. 1aReading, Massachusetts : bAddison-Wesley Publishing Company,c[1989] 4cc1989 axvi, 703 pages :billustrations ;c24 cm. 2rdacontentatextbtxt aunmediated2rdamediabn avolumebnc2rdacarrier0 aAddison-Wesley series in electrical engineering aIncludes bibliographical references and index. 7aElectromagnetism.9193912BUEsh 7aField theory (Physics).9193922BUEsh vReading book cBB2ddc c4297d4297 00102ddc40708BaccahaMAINbMAINc1STd2007-09-03ePurchasel6m6o530.141 CHEp000005251r2025-07-15 00:00:00s2017-09-19w2007-09-03yBB